[Event "Polanica Zdroj op-E 56th"]
[Site "Polanica Zdroj"]
[Date "2020.08.20"]
[Round "6"]
[White "Bochniak, Jakub"]
[Black "Walentynowicz, Marcin"]
[Result "1/2-1/2"]
[WhiteElo "1254"]
[BlackElo "1392"]
[PlyCount "133"]
[EventDate "2020.08.15"]
[EventType "swiss"]
[EventRounds "9"]
[EventCountry "POL"]
[SourceTitle "CBM 198 Extra"]
[Source "ChessBase"]
[SourceDate "2020.11.30"]
[SourceVersion "1"]
[SourceVersionDate "2020.11.30"]
[SourceQuality "1"]

1. e4 e5 2. Bc4 Nf6 3. d3 d5 4. exd5 Nxd5 5. Nf3 Bc5 6. Qe2 0-0 7. 0-0 Re8 8. a3 c6 9. Bg5 Be7 10. Bxe7 Qxe7 11. Qe4 Nf6 12. Qh4 Nd5 13. Qe4 Nf6 14. Qh4 Nd5 15. Nbd2 Qxh4 16. Nxh4 Be6 17. Nhf3 Nd7 18. Rfe1 f6 19. h3 Kf7 20. Ne4 Kf8 21. Nd6 Reb8 22. Kh2 N7b6 23. Ba2 Ke7 24. Ne4 Na4 25. Bb3 Nab6 26. Nc5 Bf5 27. Nh4 Be6 28. d4 Kd6 29. g4 Nd7 30. Nxe6 Kxe6 31. f4 g6 32. Nf3 e4 33. Rxe4+ Kd6 34. Rae1 Nc7 35. c4 c5 36. d5 Re8 37. Bc2 a5 38. Nd2 b6 39. Ba4 f5 40. R4e2 Rxe2+ 41. Rxe2 Re8 42. Rxe8 Nxe8 43. Nf3 Nef6 44. gxf5 gxf5 45. Bc2 Ne4 46. Nh4 Ndf6 47. Nxf5+ Kd7 48. Ng3 Nd2 49. b3 Nf3+ 50. Kh1 Nd4 51. Bd1 Ke7 52. Kg2 Kf7 53. Ne2 Nf5 54. Kf2 Ne4+ 55. Ke1 Ne3 56. Nc1 Ng2+ 57. Kf1 Nxf4 58. Bc2 Nf6 59. Bf5 Ne8 60. Nd3 Nxd3 61. Bxd3 h6 62. Bf5 Nd6 63. Be6+ Kf6 64. Kf2 Ne4+ 65. Ke3 Nd6 66. Kf4 a4 67. bxa4 1/2-1/2

[Event "Lazy op 13th"]
[Site "Lazy"]
[Date "2017.07.01"]
[Round "7"]
[White "Wysocki, Mieczyslaw"]
[Black "Bochniak, Jakub"]
[Result "1-0"]
[WhiteElo "1702"]
[BlackElo "1338"]
[PlyCount "59"]
[EventDate "2017.06.25"]
[EventType "swiss"]
[EventRounds "9"]
[EventCountry "POL"]
[SourceTitle "EXT 2018"]
[Source "ChessBase"]
[SourceDate "2017.10.13"]
[SourceVersion "1"]
[SourceVersionDate "2017.10.13"]
[SourceQuality "1"]

1. g3 d6 2. Bg2 Nc6 3. e4 e5 4. d3 h6 5. Ne2 Nf6 6. Nbc3 Be6 7. f4 Bg4 8. Be3 g6 9. Qd2 Be6 10. d4 exd4 11. Nxd4 Nxd4 12. Bxd4 Bg7 13. 0-0 Qd7 14. f5 gxf5 15. exf5 Bc4 16. Rfe1+ Kf8 17. Bxb7 Rb8 18. Qg2 Qxf5 19. Bxa7 Nd7 20. Bxb8 Bd4+ 21. Kh1 Nxb8 22. Qe4 Qf2 23. Bd5 Ba6 24. Qf3 c6 25. Bxc6 Qxc2 26. Re8+ Kg7 27. Qg4+ Qg6 28. Qxd4+ Qf6 29. Qxf6+ Kxf6 30. Rxh8 1-0

[Event "Dzwirzyno Gminy Cup"]
[Site "Dzwirzyno"]
[Date "2016.??.??"]
[Round "6"]
[White "Bochniak, Jakub"]
[Black "Gosciniak, Tomasz"]
[Result "0-1"]
[WhiteElo "1358"]
[BlackElo "1949"]
[PlyCount "64"]
[EventDate "2016.09.30"]
[EventType "swiss"]
[EventRounds "9"]
[EventCountry "POL"]
[SourceTitle "EXT 2018"]
[Source "ChessBase"]
[SourceDate "2017.10.13"]
[SourceVersion "1"]
[SourceVersionDate "2017.10.13"]
[SourceQuality "1"]

1. e4 d5 2. exd5 Nf6 3. Bb5+ Bd7 4. Bxd7+ Nbxd7 5. c4 Nb6 6. d3 Qd7 7. Nf3 0-0-0 8. Ne5 Qe8 9. Nc3 e6 10. d4 exd5 11. c5 Bxc5 12. dxc5 Qxe5+ 13. Qe2 Qxe2+ 14. Nxe2 Nbd7 15. Be3 Rhe8 16. 0-0 Ng4 17. Nd4 Nxc5 18. Nf5 Nxe3 19. fxe3 g6 20. Nd4 f5 21. Kf2 Ne4+ 22. Ke2 c5 23. Rac1 Kb8 24. Nb3 b6 25. g3 d4 26. Rfd1 Nd6 27. Nxd4 cxd4 28. Rxd4 Ne4 29. Ke1 Rxd4 30. exd4 Nxg3+ 31. Kf2 Ne4+ 32. Ke3 Rc8 0-1